[Event "Rilton Cup 50th"]
[Site "Stockholm"]
[Date "2022.12.31"]
[Round "5"]
[White "Akesson, Ralf"]
[Black "Vagman, Roy"]
[Result "1/2-1/2"]
[WhiteElo "2404"]
[BlackElo "2255"]
[PlyCount "116"]
[EventDate "2022.12.27"]
[EventType "swiss"]
[EventRounds "9"]
[EventCountry "SWE"]
[SourceTitle "CBM 212 Extra"]
[Source "ChessBase"]
[SourceDate "2023.03.31"]
[SourceVersion "1"]
[SourceVersionDate "2023.03.31"]
[SourceQuality "1"]

1. d4 d5 2. c4 e6 3. Nf3 Nf6 4. g3 dxc4 5. Bg2 a6 6. 0-0 Nc6 7. e3 Rb8 8. Nfd2 e5 9. Bxc6+ bxc6 10. dxe5 Ng4 11. Nxc4 Be6 12. Qe2 Qd5 13. b3 Nxe5 14. Nxe5 Qxe5 15. Bb2 Qb5 16. Nc3 Qb7 17. e4 Be7 18. Nd1 0-0 19. Ne3 Rfe8 20. Bc3 Bc5 21. Rfe1 Qb5 22. Qf3 Bxe3 23. Rxe3 a5 24. Qf4 Rbc8 25. Rc1 Qh5 26. g4 Qg6 27. Rg3 Bd7 28. Re1 Qd6 29. Qg5 Qg6 30. Qd2 Rcd8 31. Qe3 a4 32. bxa4 c5 33. a5 Bc6 34. f3 c4 35. Qc5 Qe6 36. Qg5 f6 37. Qf5 Rd3 38. Qxe6+ Rxe6 39. Rc1 Red6 40. Kf2 Rd1 41. Rg1 Rxg1 42. Rxg1 Rd3 43. Rc1 Bb5 44. Be1 Ra3 45. Rc2 Kf7 46. Bb4 Rd3 47. Rb2 Ba6 48. Rc2 Ke6 49. Bc3 g6 50. Be1 Ke5 51. Bc3+ Kf4 52. Bd2+ Ke5 53. Bc3+ Ke6 54. Be1 h5 55. gxh5 gxh5 56. Rc3 Rd1 57. Rc2 Rb1 58. Bc3 Rd1 1/2-1/2

[Event "Rilton Cup 50th"]
[Site "Stockholm"]
[Date "2022.12.27"]
[Round "1"]
[White "Akesson, Ralf"]
[Black "Mittelberger, Peter"]
[Result "1-0"]
[WhiteElo "2404"]
[BlackElo "2206"]
[PlyCount "55"]
[EventDate "2022.12.27"]
[EventType "swiss"]
[EventRounds "9"]
[EventCountry "SWE"]
[SourceTitle "CBM 212 Extra"]
[Source "ChessBase"]
[SourceDate "2023.03.31"]
[SourceVersion "1"]
[SourceVersionDate "2023.03.31"]
[SourceQuality "1"]

1. Nf3 g6 2. d4 Bg7 3. c4 Nf6 4. Nc3 0-0 5. e4 d6 6. h3 Nbd7 7. Be3 e5 8. d5 Nc5 9. Nd2 a5 10. g4 Ne8 11. h4 f5 12. g5 Nxe4 13. Ndxe4 fxe4 14. Bg2 Bf5 15. Nxe4 b6 16. Ng3 Qe7 17. h5 e4 18. Qd2 a4 19. a3 Qe5 20. Rb1 gxh5 21. Nxf5 Qxf5 22. Rh4 Qe5 23. Bxe4 Bh8 24. Qd3 Rf7 25. Kd2 h6 26. Bg6 hxg5 27. Rxh5 Rf6 28. Bxe8 1-0